000 00795nas a2200265 4500
001 BR8806431
003 BR-BrBNA
005 20231205091330.0
007 ta
008 230509b bl.|||p| |||| 00| 00por d
040 _aBR-BrBNA
_bpor
_cBiblioteca Nacional de Agricultura
041 _a(Pt)
072 _aF30
100 1 _aFukuda, W.M.G.
100 1 _aCarvalho, H.W.L. de
100 1 _aSilva, S.O. e
100 1 _aCaldas, R.C.
245 1 _aAvaliacao de clones de mandioca no Centro Nacional de Pesquisa de Mandioca e Fruticultura
650 _aMANDIOCA
650 _aCLONE
650 _aVARIACAO CLONAL
773 0 _tRevista Brasileira de Mandioca (Brazil)
_xISSN 0101-563X
_g(1983), v. 2(1) p. 1-7
_wBR8806431
909 _a202311
_bLúcia
_c55
_dLúcia Elande
942 _2AGRIS
_n0
_cANA
999 _c124406
_d124406